000 00426nam a2200181Ia 4500
005 20240528013610.0
008 240331s9999 xx 000 0 und d
020 _a0415038014
082 _bREE
_a331.4
100 _aRees, Teresa
245 0 _aWomen and the labour market
_cTeresa rees
250 _a1 st
260 _aLondon
_bRoutledge
_c1992
300 _axiv, 223 p .,
650 _aWomen
650 _asex
942 _cL
999 _c2616
_d2616